|
|
|
|
| LEADER |
00990nam a22002892a 4500 |
| 001 |
001865488 |
| 003 |
CZ BrMZK |
| 005 |
20230726113432.0 |
| 007 |
ta |
| 008 |
230718s1948 xr er|||||||||||cze d |
| 015 |
|
|
|a cnb000712882
|
| 035 |
|
|
|a (OCoLC)85431140
|
| 040 |
|
|
|a ABA001
|b cze
|c ABA001
|d ABA001
|d BOA001
|
| 041 |
1 |
|
|a cze
|h eng
|
| 100 |
1 |
|
|a Webb, Mary Gladys Meredith,
|d 1881-1927
|7 xx0005943
|4 aut
|
| 245 |
1 |
0 |
|a Vzácný jed :
|b román /
|c Mary Webbová ; [z anglického originálu ... přeložila Anna Kučerová]
|
| 250 |
|
|
|a Vydání druhé
|
| 260 |
|
|
|a V Praze :
|b Vyšehrad,
|c 1948
|f (Č.A.T.)
|
| 300 |
|
|
|a 311 s. ;
|c 8°
|
| 490 |
1 |
|
|a Epika. Nová řada ;
|v sv. 10
|
| 700 |
1 |
|
|a Kučerová, Anna,
|d 1896-1975
|7 jk01070604
|4 trl
|
| 765 |
0 |
|
|t Precious Bane
|9 Česky
|
| 830 |
|
0 |
|a Epika (Vyšehrad).
|p Nová řada
|0 s
|
| 910 |
|
|
|a BOA001
|b 1-0221.875
|
| 990 |
|
|
|a BK
|
| 991 |
|
|
|b 202307
|
| 996 |
6 |
|
|b BC-2419216
|c 1-0221.875
|l MZK
|r Sklad / do 1 hodiny
|n 0
|w 001932748
|u 000010
|a 1
|e BOA001
|j MZK50
|s P
|